The Simpsons | 20 Lowest Rated Episodes 2023 - Statistics

General Stats
  • This quiz has been taken 2 times
  • The average score is 3 of 20
Answer Stats
# Rating S##: E## Episode % Correct
16 5.8 S06: E01 Another Simpsons Clip Show
100%
1 4.0 S23: E22 Lisa Goes Gaga
100%
3 5.0 S09: E11 All Singing, All Dancing
50%
5 5.4 S13: E17 Gump Roast
50%
4 5.0 S30: E18 Bart vs. Itchy & Scratchy
0%
14 5.7 S26: E01 Clown in the Dumps
0%
17 5.8 S30: E21 D’oh Canada
0%
15 5.7 S27: E01 Every Man’s Dream
0%
6 5.4 S34: E18 Fan-ily Feud
0%
13 5.7 S34: E22 Homer's Adventures Through the Windshield Glass
0%
9 5.6 S30: E20 I'm Just a Girl Who Can't Say D'oh
0%
10 5.7 S31: E06 Marge the Lumberjill
0%
12 5.7 S23: E12 Moe Goes from Rags to Riches
0%
19 5.8 S32: E03 Now Museum, Now You Don’t
0%
20 5.8 S32: E05 The 7 Beer Itch
0%
11 5.7 S21: E16 The Greatest Story Ever D’ohed
0%
7 5.4 S26: E12 The Musk Who Fell to Earth
0%
2 4.4 S33: E01 The Star of the Backstage
0%
18 5.8 S31: E20 Warrin’ Priests Part Two
0%
8 5.6 S32: E14 Yokel Hero
0%
No matching quizzes found
Score Distribution
Percent of People with Each Score
Percentile by Number Answered
Your Score History
You have not taken this quiz